|
|
|
|
| LEADER |
00000nab a2200000ua 4500 |
| 001 |
vtls010782250 |
| 003 |
SK-MaSNL |
| 005 |
20260303201524.0 |
| 008 |
230218s2006 xo |||||||||||||||||slo| |
| 035 |
|
|
|a (urnnbn)urn:nbn:sk:snk:ar-a05xqr
|
| 035 |
|
|
|a (uuid)be6b61d5-2457-4e0f-994f-a9aa71bba4a7
|
| 035 |
|
|
|a urn:nbn:sk:snk-ab4vqq
|
| 040 |
|
|
|a SNKBUCL
|b slo
|c SNKBUCL
|e AACR2
|
| 041 |
0 |
|
|a slo
|
| 044 |
|
|
|a xo
|c SK
|
| 100 |
1 |
|
|a Bazár, J.
|4 aut
|9 855407
|
| 245 |
1 |
0 |
|a Herpetická meningoencefalitída u detí
|c J. Bazár, K. Bazárová, M. Pisarčíková
|
| 700 |
1 |
|
|a Bazárová, K.
|4 aut
|9 855414
|
| 700 |
1 |
|
|a Pisarčíková, Mária,
|d 1953-
|4 aut
|9 174660
|
| 773 |
0 |
|
|t Detský lekár : časopis Slovenskej pediatrickej spoločnosti
|g Roč. 13, č. 2 (2006), s. 14-18
|
| 954 |
|
|
|a odborná, vedecká literatúra pôvodná (slovenská)
|2 lita
|
| 958 |
|
|
|a OND
|
| 958 |
|
|
|a EUIPO
|
| 958 |
|
|
|a article3
|
| 999 |
|
|
|c 2174613
|d 2176543
|